00531nam a2200193 a 4500001001300000003000900013005001700022008004100039020001000080082001600090100002400106245004000130260005400170300000800224500003500232505002000267650002600287700002400313nice12345678IN_TiNIC20260116011741.0050524s1971 hyda grp 000 0 urd  ac0.500a297.81bQAD aQadeeri, Habeeb Ali aMazahirul Eteqaad, Part One and Two aHyderabad bMarkazi Anjuman Taleemus Salat c1971 a39p aincludes index and biblioraphy2 areference index aIslam-Sects-Conflicts1 aQadeeri, Habeeb Ali